000 01096cam a2200337 i 4500
001 18156844
003 NUST
005 20220706124129.0
008 140519s2014 nyu 000 1 eng
010 _a 2014381554
020 _a9780812981926 (pbk.)
020 _z9780679604594 (ebk.)
040 _aDLC
_beng
_erda
_cDLC
_dDLC
042 _apcc
050 0 0 _aPR6063.C335
_bT73 2014
082 0 0 _a823.914
_bMCC
100 1 _aMcCann, Colum,
_d1965-
_993253
245 1 0 _aTransAtlantic :
_ba novel /
_cColum McCann.
250 _aRandom House trade paperback edition.
264 1 _aNew York :
_bRandom House Trade Paperbacks,
_c2014.
300 _a319 pages ;
_c21 cm
336 _atext
_btxt
_2rdacontent
337 _aunmediated
_bn
_2rdamedia
338 _avolume
_bnc
_2rdacarrier
650 0 _aTransatlantic voyages
_vFiction.
_993254
655 7 _aHistorical fiction.
_2gsafd
655 7 _aEpic fiction.
_2gsafd
_927005
906 _a7
_bcbc
_corigcop
_d2
_encip
_f20
_gy-gencatlg
942 _2ddc
_cBK
999 _c590283
_d590283